Ricordo di Mario Talamanca: atti della giornata di studi, Roma, 21 maggio 2010, Sapienza Università di Roma

Enregistré dans:
Détails bibliographiques
Auteur principal: Capogrossi Colognesi, Luigi (Auteur)
Format: Livre
Langue:italien
Publié: Nápoles Jovene Editore 2012
Édition:1a. ed
Collection:Pubblicazioni del Dipartimento di Scienze Giuridiche, Università degli studi di Roma -La Sapienza-, 77
Sujets:
Tags: Ajouter un tag
Pas de tags, Soyez le premier à ajouter un tag!

MARC

LEADER 00000cam a2200000 a 4500
001 UCE4960
003 CL-VaPUC
008 141120e20120000it |||||||||||||||||ita|d
020 |a 9788824322171 
082 0 4 |a 340.54  |b CAP  |2 21 
100 0 |a Capogrossi Colognesi, Luigi  |e author  |9 577438 
245 1 0 |a Ricordo di Mario Talamanca: atti della giornata di studi, Roma, 21 maggio 2010, Sapienza Università di Roma 
250 |a 1a. ed 
300 |a 225 p 
942 |c BK 
945 |d 20141120 11:52:00  |a arojas 
260 |a Nápoles  |b Jovene Editore  |c 2012 
600 0 7 |a TALAMANCA, MARIO  |2 CL-VaPUC  |9 482371 
650 0 |a Derecho romano  |9 255930 
583 |a last modification  |c 20141120 11:52:00  |k Rodrigo Vera 
490 0 |a Pubblicazioni del Dipartimento di Scienze Giuridiche, Università degli studi di Roma -La Sapienza-, 77 
999 |c 357814  |d 357812 
952 |0 0  |1 0  |3 erb  |4 0  |6 340_540000000000000_CAP_2012  |7 0  |8 DER_ROM  |9 465907  |a BIBDER  |b BIBDER  |i 5125820  |l 1  |o 340.54 CAP 2012  |p 5125820  |r 2023-01-25  |s 2020-03-19  |w 2019-11-23  |x Ubicación 4to piso  |y BK  |z Este recurso debe solicitarse con anticipación  |k DER